[Event "Reykjavik op"]
[Site "Reykjavik"]
[Date "2024.03.20"]
[Round "8"]
[White "Pollack, Oscar"]
[Black "Bugaj, Hanna"]
[Result "1-0"]
[WhiteElo "2092"]
[BlackElo "1920"]
[PlyCount "59"]
[EventDate "2024.03.15"]
[EventType "swiss"]
[EventRounds "9"]
[EventCountry "ISL"]
[SourceTitle "CB13_2024"]
[SourceDate "2024.03.27"]
[SourceVersion "1"]
[SourceVersionDate "2024.03.27"]
[SourceQuality "1"]

1. e4 c5 2. Nf3 d6 3. d4 Nf6 4. Nc3 cxd4 5. Nxd4 Nc6 6. Bg5 g6 7. Bxf6 exf6 8. Qd2 Bg7 9. Ndb5 0-0 10. Qxd6 f5 11. 0-0-0 Qb6 12. Qd2 f4 13. Nd5 Qd8 14. h4 Bg4 15. Be2 Bxe2 16. Qxe2 Nd4 17. Qc4 Nxb5 18. Qxb5 Re8 19. Kb1 Rc8 20. g4 Qd6 21. h5 Qe5 22. hxg6 hxg6 23. c3 b6 24. Rhe1 Red8 25. c4 Qe8 26. Qb4 a5 27. Ne7+ Kf8 28. Nxg6+ Kg8 29. Rxd8 axb4 30. Rxc8 1-0

[Event "POL-ch Rapid U18 Girls"]
[Site "Bydgoszcz"]
[Date "2023.08.29"]
[Round "2"]
[White "Grzyb, Anna"]
[Black "Bugaj, Hanna"]
[Result "0-1"]
[WhiteElo "1343"]
[BlackElo "1648"]
[PlyCount "92"]
[EventDate "2023.08.28"]
[EventType "swiss"]
[EventRounds "11"]
[EventCountry "POL"]
[SourceTitle "EXT 2024"]
[Source "ChessBase"]
[SourceDate "2023.10.10"]
[SourceVersion "1"]
[SourceVersionDate "2023.10.10"]
[SourceQuality "1"]

1. d4 g6 2. c4 Bg7 3. Nc3 c5 4. Nf3 cxd4 5. Nxd4 Nc6 6. Nf3 Nf6 7. Bf4 d6 8. e4 0-0 9. Qd2 Bd7 10. Bh6 Qa5 11. Bxg7 Kxg7 12. a3 Rfc8 13. Bd3 Qd8 14. Nd5 Nxd5 15. exd5 Na5 16. Qf4 Nb3 17. Rb1 Qa5+ 18. Ke2 b5 19. cxb5 Bxb5 20. Rhd1 Rc2+ 21. Kf1 Rac8 22. Ne1 Bxd3+ 23. Nxd3 Nd2+ 24. Kg1 Nxb1 25. Rxb1 R8c4 26. Qe3 Qd2 27. Qxd2 Rxd2 28. Nb4 Re4 29. Kf1 a5 30. Nc6 Rxd5 31. b4 axb4 32. axb4 Rd2 33. Re1 Rxe1+ 34. Kxe1 Rb2 35. Kd1 Kf6 36. Kc1 Rxf2 37. b5 Rf5 38. Na7 Rc5+ 39. Kb2 Rc7 40. b6 Rb7 41. Nc8 Rb8 42. Kb3 Rxc8 43. Kb4 d5 44. Kb5 d4 45. b7 Rb8 46. Kb6 Rxb7+ 0-1

[Event "POL-ch Rapid U18 Girls"]
[Site "Bydgoszcz"]
[Date "2023.08.29"]
[Round "5"]
[White "Mroz, Lena"]
[Black "Bugaj, Hanna"]
[Result "0-1"]
[WhiteElo "1538"]
[BlackElo "1648"]
[PlyCount "86"]
[EventDate "2023.08.28"]
[EventType "swiss"]
[EventRounds "11"]
[EventCountry "POL"]
[SourceTitle "EXT 2024"]
[Source "ChessBase"]
[SourceDate "2023.10.10"]
[SourceVersion "1"]
[SourceVersionDate "2023.10.10"]
[SourceQuality "1"]

1. e4 g6 2. d4 Bg7 3. Nc3 d5 4. e5 f6 5. exf6 Nxf6 6. h3 0-0 7. Nf3 c5 8. Be3 cxd4 9. Bxd4 e6 10. Qd2 Nc6 11. Bc5 Re8 12. 0-0-0 b6 13. Be3 a6 14. g4 b5 15. g5 Nh5 16. Nd4 Nxd4 17. Bxd4 e5 18. Bc5 d4 19. Ne4 Bb7 20. Bg2 Qc7 21. Bd6 Qf7 22. Kb1 Bd5 23. b3 Nf4 24. Bf3 a5 25. Bc5 Bxe4 26. Bxe4 Rac8 27. Bb6 a4 28. Ba5 Bf8 29. Bb4 Nd5 30. Bxd5 Qxd5 31. Bxf8 Rxf8 32. h4 axb3 33. cxb3 Qe4+ 34. Kb2 Rc3 35. h5 Rfc8 36. Rc1 b4 37. hxg6 hxg6 38. Rhe1 Qf5 39. Rg1 d3 40. Kb1 e4 41. Rgf1 Qa5 42. Qb2 Rc2 43. Qa1 Qc5 0-1

[Event "POL-ch U18 Girls"]
[Site "Jastrzebia Gora"]
[Date "2023.??.??"]
[Round "6"]
[White "Labedz, Gabriela"]
[Black "Bugaj, Hanna"]
[Result "1/2-1/2"]
[WhiteElo "1425"]
[BlackElo "1639"]
[PlyCount "71"]
[EventDate "2023.03.11"]
[EventType "swiss"]
[EventRounds "9"]
[EventCountry "POL"]
[SourceTitle "CBM 213 Extra"]
[Source "ChessBase"]
[SourceDate "2023.05.31"]
[SourceVersion "1"]
[SourceVersionDate "2023.05.31"]
[SourceQuality "1"]

1. e4 d6 2. d4 Nf6 3. Nc3 Nc6 4. g3 g6 5. Bg2 Bg7 6. Nge2 e5 7. d5 Ne7 8. 0-0 0-0 9. h3 c6 10. Be3 cxd5 11. Nxd5 Nfxd5 12. exd5 f5 13. Qd2 b6 14. c4 Ba6 15. Rac1 Rc8 16. b3 Rc7 17. f4 e4 18. Bd4 Bc8 19. Bxg7 Kxg7 20. Nd4 Bd7 21. Qb2 Kf7 22. Qe2 Ng8 23. g4 Qf6 24. Rcd1 Ne7 25. g5 Qg7 26. Rfe1 Kg8 27. h4 h5 28. Rd2 Rd8 29. Qe3 Nc8 30. Bf1 Ne7 31. b4 Qf7 32. a4 Rdc8 33. Qb3 Kf8 34. b5 Ra8 35. Qa3 Nc8 36. Qb4 1/2-1/2

[Event "POL-ch U18 Girls"]
[Site "Sypniewo"]
[Date "2022.03.23"]
[Round "5"]
[White "Czarnecka, Lidia"]
[Black "Bugaj, Hanna"]
[Result "1/2-1/2"]
[WhiteElo "1978"]
[BlackElo "1782"]
[PlyCount "107"]
[EventDate "2022.03.19"]
[EventType "swiss"]
[EventRounds "9"]
[EventCountry "POL"]
[SourceTitle "CBM 207 Extra"]
[Source "ChessBase"]
[SourceDate "2022.05.31"]
[SourceVersion "1"]
[SourceVersionDate "2022.05.31"]
[SourceQuality "1"]

1. e4 c5 2. Nf3 d6 3. d4 cxd4 4. Nxd4 Nf6 5. Nc3 g6 6. Be3 Bg7 7. f3 0-0 8. Bc4 Nc6 9. Qd2 Nxd4 10. Bxd4 Be6 11. Bb3 Qa5 12. 0-0 Nd7 13. Rfd1 Bxd4+ 14. Qxd4 Qc5 15. Bd5 Rab8 16. Rd2 Rfc8 17. Rad1 b5 18. Ne2 Ne5 19. c3 Nc4 20. Bxc4 bxc4 21. Qxc5 Rxc5 22. Nd4 Rb6 23. Rc1 a5 24. Rb1 Rc7 25. Nxe6 fxe6 26. Re1 Rcb7 27. Ree2 Kf7 28. Kf2 Rb5 29. Ke3 e5 30. g3 g5 31. f4 gxf4+ 32. gxf4 exf4+ 33. Kxf4 Kf6 34. Rg2 e5+ 35. Ke3 Ke6 36. Rdf2 d5 37. exd5+ Kxd5 38. h4 R5b6 39. h5 a4 40. a3 Rb5 41. h6 R5b6 42. Rd2+ Ke6 43. Ke4 Rf7 44. Rg7 Rbb7 45. Rdg2 Rf4+ 46. Ke3 Rff7 47. R7g4 Rbc7 48. Rh2 Rf6 49. Rh3 Kd5 50. Rh2 Rcc6 51. Rgh4 Rg6 52. Rd2+ Kc5 53. Rdh2 Kd5 54. Rd2+ 1/2-1/2

[Event "POL-ch U20 Girls"]
[Site "Pokrzywna"]
[Date "2021.12.07"]
[Round "3"]
[White "Dylag, Emilia"]
[Black "Bugaj, Hanna"]
[Result "1/2-1/2"]
[WhiteElo "1956"]
[BlackElo "1721"]
[PlyCount "79"]
[EventDate "2021.12.06"]
[EventType "swiss"]
[EventRounds "9"]
[EventCountry "POL"]
[SourceTitle "CBM 205 Extra"]
[Source "ChessBase"]
[SourceDate "2022.01.31"]
[SourceVersion "1"]
[SourceVersionDate "2022.01.31"]
[SourceQuality "1"]

1. d4 d5 2. Nf3 Nf6 3. g3 e6 4. Bg2 c5 5. 0-0 Nc6 6. c3 cxd4 7. cxd4 Bd6 8. Nc3 a6 9. Re1 0-0 10. Bg5 h6 11. Bxf6 Qxf6 12. Rc1 Qd8 13. a3 Bd7 14. e4 dxe4 15. Nxe4 Be7 16. Nc5 Bxc5 17. dxc5 Ne7 18. Ne5 Bc6 19. Bxc6 Nxc6 20. Nxc6 bxc6 21. Qd6 Qc8 22. Red1 Rd8 23. Qe5 Rd5 24. Rxd5 exd5 25. Re1 Qb8 26. Qd4 Qf8 27. b4 Re8 28. Re5 Rxe5 29. Qxe5 Qc8 30. a4 Qb7 31. Qd4 Qb8 32. Kg2 Kf8 33. h3 Kg8 34. Qg4 Qe8 35. Qf5 Qd8 36. Qd3 d4 37. Kf1 Qd5 38. Ke1 Qa2 39. Qxd4 Qxa4 40. Qd8+ 1/2-1/2

[Event "POL-chT U20"]
[Site "Lublin"]
[Date "2021.07.04"]
[Round "9.5"]
[White "Bugaj, Hanna"]
[Black "Siekanska, Zuzanna"]
[Result "1-0"]
[WhiteElo "1769"]
[BlackElo "1783"]
[PlyCount "55"]
[EventDate "2021.06.26"]
[EventType "team-tourn"]
[EventRounds "9"]
[EventCountry "POL"]
[SourceTitle "CBM 203 Extra"]
[Source "ChessBase"]
[SourceDate "2021.09.30"]
[SourceVersion "1"]
[SourceVersionDate "2021.09.30"]
[SourceQuality "1"]
[WhiteTeam "Rydultowy Ognisko"]
[BlackTeam "Gorzow Wielkopolski Stilon"]
[WhiteTeamCountry "POL"]
[BlackTeamCountry "POL"]

1. d4 d5 2. c4 e6 3. Nc3 Nf6 4. cxd5 exd5 5. Bg5 Nbd7 6. e3 Be7 7. Qc2 0-0 8. Bd3 c6 9. Nf3 h6 10. Bh4 Re8 11. 0-0 Ne4 12. Bxe7 Qxe7 13. Rae1 Ndf6 14. Ne5 Ng4 15. Nxg4 Bxg4 16. f3 Nxc3 17. bxc3 Be6 18. e4 dxe4 19. fxe4 Rad8 20. Qf2 b5 21. e5 Qa3 22. Qg3 b4 23. Re3 bxc3 24. Re4 Qe7 25. Rf6 g6 26. Rh4 Kg7 27. Bxg6 fxg6 28. Qxg6+ 1-0

[Event "POL-chT U20"]
[Site "Lublin"]
[Date "2021.06.27"]
[Round "2.5"]
[White "Bugaj, Hanna"]
[Black "Harazinska, Magdalena"]
[Result "0-1"]
[WhiteElo "1769"]
[BlackElo "2034"]
[PlyCount "88"]
[EventDate "2021.06.26"]
[EventType "team-tourn"]
[EventRounds "9"]
[EventCountry "POL"]
[SourceTitle "CBM 203 Extra"]
[Source "ChessBase"]
[SourceDate "2021.09.30"]
[SourceVersion "1"]
[SourceVersionDate "2021.09.30"]
[SourceQuality "1"]
[WhiteTeam "Rydultowy Ognisko"]
[BlackTeam "Wroclaw Polonia"]
[WhiteTeamCountry "POL"]
[BlackTeamCountry "POL"]

1. d4 Nf6 2. c4 c5 3. d5 e6 4. Nc3 exd5 5. cxd5 d6 6. e4 g6 7. Nf3 Bg7 8. Bd3 0-0 9. 0-0 a6 10. a4 Bg4 11. h3 Bxf3 12. Qxf3 Nbd7 13. Bf4 Qc7 14. Qe2 Rfe8 15. Qc2 Ne5 16. Rae1 Nfd7 17. Bh2 Nxd3 18. Qxd3 c4 19. Qc2 Nc5 20. Kh1 Rab8 21. f4 b5 22. axb5 axb5 23. f5 Nd3 24. Re2 Bd4 25. Qd2 Kg7 26. Bf4 f6 27. Bh6+ Kg8 28. fxg6 hxg6 29. Be3 Be5 30. Ra1 b4 31. Nd1 Ra8 32. Rb1 Ra2 33. g4 Qh7 34. Kg2 g5 35. Nf2 Rc8 36. Qd1 b3 37. Bc1 Nxf2 38. Kxf2 Qxh3 39. Re3 Qh2+ 40. Kf1 Qh1+ 41. Ke2 Qg2+ 42. Ke1 Bg3+ 43. Rxg3 Qxg3+ 44. Ke2 Qxg4+ 0-1

[Event "Poronin Tatra Limba op"]
[Site "Poronin"]
[Date "2021.05.26"]
[Round "7"]
[White "Trybus, Daniel"]
[Black "Bugaj, Hanna"]
[Result "0-1"]
[WhiteElo "1889"]
[BlackElo "1729"]
[PlyCount "74"]
[EventDate "2021.05.22"]
[EventType "swiss"]
[EventRounds "9"]
[EventCountry "POL"]
[SourceTitle "EXT 2022"]
[Source "ChessBase"]
[SourceDate "2021.10.06"]
[SourceVersion "1"]
[SourceVersionDate "2021.10.06"]
[SourceQuality "1"]

1. g3 Nf6 2. Bg2 d5 3. d3 c5 4. Nf3 Nc6 5. 0-0 g6 6. c3 e5 7. e4 d4 8. cxd4 cxd4 9. Nbd2 Bg7 10. b4 a6 11. a4 0-0 12. Ba3 b5 13. Rc1 Qd6 14. Nb3 Ne8 15. Rc5 Be6 16. Qc2 Na7 17. a5 f6 18. h4 Rf7 19. Nfxd4 exd4 20. e5 Qd8 21. Bxa8 Qxa8 22. Re1 fxe5 23. Nxd4 Bh3 24. Nc6 Nxc6 25. Rxc6 Rf6 26. Rc1 Bh6 27. f4 exf4 28. Qb3+ Kf8 29. Qd5 Qa7+ 30. d4 Qe7 31. Kh2 Bg4 32. Rxf6+ Nxf6 33. Qa8+ Kg7 34. Rg1 Qe2+ 35. Rg2 fxg3+ 36. Kxg3 Nh5+ 37. Kh2 Bf4+ 0-1

[Event "Poronin Tatra Limba op"]
[Site "Poronin"]
[Date "2021.05.24"]
[Round "3"]
[White "Frick, Christoph"]
[Black "Bugaj, Hanna"]
[Result "1-0"]
[WhiteElo "2051"]
[BlackElo "1729"]
[PlyCount "65"]
[EventDate "2021.05.22"]
[EventType "swiss"]
[EventRounds "9"]
[EventCountry "POL"]
[SourceTitle "EXT 2022"]
[Source "ChessBase"]
[SourceDate "2021.10.06"]
[SourceVersion "1"]
[SourceVersionDate "2021.10.06"]
[SourceQuality "1"]

1. d4 d5 2. Bf4 Nf6 3. e3 c5 4. dxc5 Nc6 5. Bb5 e6 6. b4 a5 7. c3 Bd7 8. Qb3 axb4 9. cxb4 Be7 10. Ne2 Ne4 11. Nbc3 Nxc3 12. Nxc3 0-0 13. 0-0 Na7 14. a4 Bc6 15. Be2 g5 16. Bg3 f5 17. Be5 Bf6 18. Bxf6 Rxf6 19. b5 Be8 20. Rad1 Bf7 21. e4 d4 22. exf5 exf5 23. Bc4 Rc8 24. Qb4 Qe7 25. Nd5 Bxd5 26. Bxd5+ Kh8 27. Qxd4 Rd8 28. Rfe1 Qg7 29. Qe5 Rdf8 30. Qe7 Qh6 31. Re6 Rxe6 32. Qxe6 Qh5 33. Qe5+ 1-0

[Event "Poronin Tatra Limba op"]
[Site "Poronin"]
[Date "2021.05.23"]
[Round "2"]
[White "Bugaj, Hanna"]
[Black "Fiedorek, Michal"]
[Result "0-1"]
[WhiteElo "1729"]
[BlackElo "2205"]
[PlyCount "88"]
[EventDate "2021.05.22"]
[EventType "swiss"]
[EventRounds "9"]
[EventCountry "POL"]
[SourceTitle "EXT 2022"]
[Source "ChessBase"]
[SourceDate "2021.10.06"]
[SourceVersion "1"]
[SourceVersionDate "2021.10.06"]
[SourceQuality "1"]

1. d4 Nf6 2. c4 g6 3. Nf3 Bg7 4. g3 0-0 5. Bg2 d6 6. 0-0 Nc6 7. Nc3 e5 8. d5 Ne7 9. e4 Bg4 10. h3 Bxf3 11. Qxf3 Nd7 12. Bd2 a5 13. Qd1 f5 14. a3 Nc5 15. b4 axb4 16. axb4 Rxa1 17. Qxa1 Nb3 18. Qd1 Nd4 19. Be3 fxe4 20. Bxd4 exd4 21. Nxe4 h6 22. Re1 Nf5 23. Nd2 Qd7 24. Re6 Qf7 25. Nf3 Kh7 26. Qe2 Bf6 27. h4 Kg7 28. Bh3 Kh8 29. Qd3 Bg7 30. Qe4 Nxg3 31. fxg3 Qxf3 32. Qxf3 Rxf3 33. Rxg6 d3 34. Bg4 Bd4+ 35. Kg2 Rf2+ 36. Kh3 Bf6 37. Rxh6+ Kg7 38. Rh5 d2 39. c5 b6 40. cxd6 cxd6 41. Bd1 Rf1 42. Bc2 d1Q 43. Bxd1 Rxd1 44. Rf5 Be5 0-1

[Event "Poronin Tatra Limba op"]
[Site "Poronin"]
[Date "2021.05.22"]
[Round "1"]
[White "Sliwerski, Radoslaw"]
[Black "Bugaj, Hanna"]
[Result "0-1"]
[WhiteElo "2035"]
[BlackElo "1729"]
[PlyCount "80"]
[EventDate "2021.05.22"]
[EventType "swiss"]
[EventRounds "9"]
[EventCountry "POL"]
[SourceTitle "EXT 2022"]
[Source "ChessBase"]
[SourceDate "2021.10.06"]
[SourceVersion "1"]
[SourceVersionDate "2021.10.06"]
[SourceQuality "1"]

1. d4 d5 2. c4 e6 3. Nc3 c6 4. e4 Nf6 5. e5 Nfd7 6. c5 b6 7. cxb6 axb6 8. f4 Ba6 9. Bxa6 Nxa6 10. Nf3 Be7 11. 0-0 0-0 12. Be3 c5 13. a3 Nc7 14. Kh1 c4 15. g4 b5 16. Ne2 Qb8 17. Qc2 b4 18. axb4 Qxb4 19. f5 Rfb8 20. Rxa8 Nxa8 21. fxe6 fxe6 22. Bc1 Nab6 23. Nf4 Nf8 24. h4 Na4 25. Rf2 Qb3 26. Qe2 c3 27. bxc3 Nxc3 28. Qc2 Ne4 29. Qxb3 Nxf2+ 30. Kg2 Rxb3 31. Kxf2 Kf7 32. h5 Nd7 33. g5 g6 34. h6 Nb6 35. Ne2 Na4 36. Bd2 Nb2 37. Nh2 Nd3+ 38. Kf1 Rb1+ 39. Kg2 Rb2 40. Nf3 Bb4 0-1

[Event "Rubinstein Memorial-C 55th"]
[Site "Polanica Zdroj"]
[Date "2019.08.18"]
[Round "2"]
[White "Bialik, Nikodem"]
[Black "Bugaj, Hanna"]
[Result "1/2-1/2"]
[WhiteElo "1472"]
[BlackElo "1622"]
[PlyCount "64"]
[EventDate "2019.08.17"]
[EventType "swiss"]
[EventRounds "9"]
[EventCountry "POL"]
[SourceTitle "EXT 2020"]
[Source "ChessBase"]
[SourceDate "2019.10.17"]
[SourceVersion "1"]
[SourceVersionDate "2019.10.17"]
[SourceQuality "1"]

1. e4 c5 2. Nf3 Nc6 3. d4 cxd4 4. Nxd4 Nf6 5. Nxc6 bxc6 6. Bd3 e5 7. c4 Be7 8. 0-0 0-0 9. Be3 d6 10. f3 Ne8 11. Qc2 Nc7 12. Nc3 Ne6 13. Ne2 a5 14. b3 Qc7 15. f4 c5 16. Nc3 Nd4 17. Qf2 f6 18. f5 Bb7 19. Qh4 Bd8 20. g4 Qf7 21. Kf2 Bc6 22. Rg1 h6 23. Qg3 a4 24. bxa4 Bxa4 25. Nxa4 Rxa4 26. Bxd4 cxd4 27. Bc2 Ra6 28. Qd3 Qa7 29. Bb3 Qc5 30. Kf3 Ba5 31. Rac1 Bc3 32. Rc2 Rb8 1/2-1/2